| 000 | 00704nam a22001937a 4500 | ||
|---|---|---|---|
| 005 | 20260410112104.0 | ||
| 010 | _aENG-148191 | ||
| 020 |
_c500.00 _a9789348685001 |
||
| 035 | _aEN-131723 | ||
| 037 | _bDBAD | ||
| 082 |
_a294.0954 _21 |
||
| 245 |
_aSacred and Secular: _bIndia's Religious Dynamics/ _cEdited By Arnald Mahesh [and] Joseph Souza |
||
| 250 | _a1 | ||
| 260 |
_bATC Publishers _aBengaluru _c2025 |
||
| 270 |
_aSt's Mary Block, Archdiocesan,Pastoral Center,#5, Nandidurga Road,Benson Town _bBengaluru _e560046 _k+918025491999 _k7090100444 _minfo@atcpublishers.com |
||
| 300 |
_a369p. _c21cm(pb) |
||
| 700 |
_aSouza, Joseph _eEditor _988852 |
||
| 942 |
_2ddc _cEN _h294.0954 _mSAC |
||
| 999 |
_c215845 _d215845 |
||